Những tấm gương hiếu học xưa và nay

Sách giới thiệu những tấm gương hiếu học tiêu biểu đến bạn đọc từ thời trung đại, cận đại và hiện đại.

保存先:
書誌詳細
第一著者: Nguyễn Ngọc Thanh (Chủ biên)
その他の著者: Ngô Thị Chang (Biên soạn), Phan Thị Hằng (Biên soạn)
フォーマット: 図書
言語:Vietnamese
出版事項: H. Văn học 2016
主題:
タグ: タグ追加
タグなし, このレコードへの初めてのタグを付けませんか!
Thư viện lưu trữ: Thư viện Trường Đại học Nam Cần Thơ
LEADER 01084nam a22002177a 4500
001 NCT_59094
008 190214b xxu||||| |||| 00| 0 vie d
999 |c 2868  |d 2868 
020 |a 9786046991199  |c 80000 
082 0 4 |2 23rd ed.  |a 370.922  |b Th107 
100 1 |a Nguyễn Ngọc Thanh  |e Chủ biên 
245 1 0 |a Những tấm gương hiếu học xưa và nay  |c Nguyễn Ngọc Thanh (chủ biên) ; Ngô Thị Chang, Phan Thị Hằng, ...(biên soạn) 
260 |a H.  |b Văn học  |c 2016 
300 |a 310 tr.  |c 21cm 
520 3 |a Sách giới thiệu những tấm gương hiếu học tiêu biểu đến bạn đọc từ thời trung đại, cận đại và hiện đại. 
653 |a Sách tham khảo 
700 1 |a Ngô Thị Chang  |e Biên soạn 
700 1 |a Phan Thị Hằng  |e Biên soạn 
942 |2 ddc  |c BK 
952 |0 0  |1 0  |2 ddc  |4 0  |6 370_922000000000000_TH107  |7 0  |9 15422  |a 000001  |b 000001  |d 2019-02-14  |o 370.922 Th107  |p TK.01289  |r 2019-02-14  |v 80000.00  |w 2019-02-14  |y BK 
980 |a Thư viện Trường Đại học Nam Cần Thơ